| 000 | 01102nam a22003857a 4500 | ||
|---|---|---|---|
| 003 | IBSLLIB | ||
| 005 | 20260513085503.0 | ||
| 008 | 260513b |||||||| |||| 00| 0 eng d | ||
| 020 | _a9788174468277 | ||
| 040 |
_aIBSLLIB _beng |
||
| 041 | _hEng | ||
| 082 |
_a332.1 _bGUL |
||
| 100 | _aGulati , Neelam C. | ||
| 245 | _aPrinciples Of Banking Management | ||
| 260 |
_aDelhi : _bExcel Books , _c2010 |
||
| 300 |
_a404 p ; _c25 cm |
||
| 505 | _aIntroduction to Banking | ||
| 505 | _aStructure of Indian banking system | ||
| 505 | _aThe reserve bank of India | ||
| 505 | _aBanking sector and organisation of banks | ||
| 505 | _aElectronic banking | ||
| 505 | _aBank loans | ||
| 505 | _apriority sector lending | ||
| 505 | _aAnnual report and balance sheet of a bank | ||
| 505 | _aProject and working capital finance | ||
| 505 | _aBanking legislation | ||
| 505 | _aBanking product | ||
| 505 | _aBank Marketing | ||
| 650 | _aSocial science | ||
| 650 | _aEconomics | ||
| 653 | _aMarketing | ||
| 653 | _aBank loans | ||
| 653 | _aFinancing | ||
| 942 | _cLBK | ||
| 999 |
_c22126 _d22126 |
||